| 000 | 00448nam a2200181Ia 4500 | ||
|---|---|---|---|
| 001 | 12949 | ||
| 005 | 20260306163018.0 | ||
| 008 | 260306t2001||||xx |||||||||||||| ||spa|| | ||
| 041 | _aESP | ||
| 082 |
_aRD 465 _bL25D |
||
| 100 |
_aCírculo de Lectores _eAUT |
||
| 245 | 0 | _aLarousse dificultades de la lengua española A-Z | |
| 260 | _c2001 | ||
| 300 |
_a318 páginas : _c22 cm. |
||
| 650 | _aGEN | ||
| 654 | _aCHU | ||
| 942 |
_cLIB _dJUS _fJUS _2ddc _n |
||
| 999 |
_c12949 _d12949 |
||